Online Catalogue and eLibrary

Marketable skills training project for unemployed women arts graduates of Sri Lanka (Record no. 2715)

MARC details
000 -LEADER
fixed length control field 00309nam a2200097Ia 4500
008 - FIXED-LENGTH DATA ELEMENTS--GENERAL INFORMATION
fixed length control field 240331s9999 xx 000 0 und d
082 ## - DDC Classification
Item Number - Author Mark MAR
100 ## - MAIN ENTRY--PERSONAL NAME
Personal name The Sri Lanka Federation of University Women. ed
245 #0 - TITLE STATEMENT
Title Marketable skills training project for unemployed women arts graduates of Sri Lanka
942 ## - Koha item type (Biblio)
Koha item type Books in Stacks (Lending)
Holdings
Lost status Damaged status Collection code Home library Current library Shelving location Date acquired Full call number Accession Number Item type
    Lending WERC Library WERC Library Social Science Cupboard 03/31/2024 331.259 MAR 392 Books in Stacks (Lending)

© WERC Library